00530 2200193 4500001002100000005001500021035002000036008004100056245004500097100002500142250001400167260003600181300003600217020002200253082001000275084001600285650002100301990001400322INLIS00000000000064520250623085811 a0010-0625000343250623 j 1 ind 1 aThe golden wings /cButsainah Adiba Wafa aButsainah Adiba Wafa acet. Ke-1 aBandung :bMizan Pustaka,c2012 a110 hlm :bIlus ;c14,5x20,8 cm a978-979-066-971-0 a028.5 a028.5 BUT t 4aThe golden wings a0757/2024